000 00424nmm a2200157Ia 4500
008 251105s9999||||xx |||||||||||||||||und||
020 _a9788416995592
041 _aspa
100 _aGoldman, Emma
245 0 _aMi desilusión en Rusia
264 _a[Madrid, España] :
_bEl Viejo Topo,
_c2018
300 _a279 páginas
650 _aBiography
856 _uhttps://public.digitaliapublishing.com/a/57800
942 _cCF
999 _c78243
_d78243